Desde la raíz : transferencia y transformación /

Detalles Bibliográficos
Otros Autores: Portela Guarín, Hugo (Editor), Villada, Héctor Samuel (Editor)
Formato: Electrónico eBook
Lenguaje:español
Publicado: Popayán, Colombia : Editorial Universidad del Cauca, 2024.
Edición:Primera edición en español.
Materias:
Acceso en línea:Digitalia Hispánica

MARC

LEADER 00000nam a2200000Ii 4500
001 DIGUCAUCA0176
003 NyNyDIG
006 m o d
007 cr |||||||||||
008 250611s2024 ck a ob 000 0 spa d
035 |a (OCoLC)1517264001 
040 |a DGITA  |b eng  |e rda  |e pn  |c DGITA 
020 |a 9789587326963  |q digital 
020 |z 9789587326956  |q impreso 
043 |a s-ck--- 
050 1 4 |a SB211.C9 ebook 
245 0 0 |a Desde la raíz :  |b transferencia y transformación /  |c Hugo Portela Guarín, Héctor Samuel Villada (coordinadores). 
250 |a Primera edición en español. 
264 1 |a Popayán, Colombia :  |b Editorial Universidad del Cauca,  |c 2024. 
300 |a 1 online resource :  |b illustrations. 
336 |a text  |b txt  |2 rdacontent 
337 |a computer  |b c  |2 rdamedia 
338 |a online resource  |b cr  |2 rdacarrier 
347 |a text file  |2 rdaft  
347 |b PDF 
504 |a Includes bibliographical references. 
588 0 |a Online resource; title from PDF title page (Digitalia, viewed June 11, 2025) 
650 0 |a Cassava  |z Colombia  |z Cauca (Department) 
650 0 |a Agricultural innovations  |z Colombia. 
700 1 |a Portela Guarín, Hugo,  |e editor. 
700 1 |a Villada, Héctor Samuel,  |e editor. 
776 0 8 |i Print version:  |t Desde la raíz.  |b Primera edición en español.  |d Popayán, Colombia : Editorial Universidad del Cauca, 2024  |z 9789587326956 
791 2 |a Digitalia (Firm),  |e distributor. 
793 0 |g Digitalia eBook Collection:  |a Editorial Universidad del Cauca 
856 4 0 |3 Digitalia Hispánica  |u https://www.digitaliapublishing.com/a/173800/ 
910 |a Premium collection: 2025